| 000 | 00652nam a2200229Ia 4500 | ||
|---|---|---|---|
| 003 | OSt | ||
| 005 | 20220928134909.0 | ||
| 006 | a|||||r|||| 00| 0 | ||
| 007 | ta | ||
| 008 | 220927b |||||||| |||| 00| 0 eng d | ||
| 024 | _a63512 | ||
| 037 | _cTextual | ||
| 040 |
_aSDCL _cSDCL _beng |
||
| 041 |
_2eng _aeng |
||
| 082 | _aP15(Y), N6 | ||
| 100 |
_aTiwari Balunder Shekher Ed. _9488987 |
||
| 245 | 0 | _aSamajik Bhasha sastra. | |
| 260 |
_aVaranasi _bSanjay Book _c1996 |
||
| 700 |
_a Maheshwari Suresh Ed. _9488988 |
||
| 942 |
_hP15(Y), N6 _cTEXL _2CC |
||
| 999 |
_c804142 _d804142 |
||